000 00949nam a22001695i 4500
001 156060
003 ES-MaACL
005 20230906210315.0
008 050823s1799 sp | |||||||| ||spa d
040 _aCAM
_bspa
_cCAM
245 0 0 _aInvectiva contra el estrago de las viruelas
_b: octavas que con el dolor de haber perdido un hijo en la última epidemia, tuvo la honra de presentar á los reales pies de la Reyna ... uno de sus mas humildes vasallos en celebridad del restablecimiento de la ... Infanta Princesa de Parma, Doña María Luisa y demostración de complacencia por el acierto de SS.MM. en la inoculación de su Real Familia.
260 _aMadrid :
_b[s.n.],
_c1799 (
_fImprenta de Fermín Villalpando)
300 _aXIV p. ;
_c4º.
600 0 4 _aMaría Luisa
_cReina consorte de Carlos IV, Rey de España.
_976667
650 4 _aViruela.
_9136988
852 _aES-MaACL
_jR-3051
_xOlim:T-205-F
_z-- Enc. pasta española con hierros
999 _c156060
_d156060